00726nam a2200205 i 450000100060000000300090000600500170001500700030003200800410003502000180007610000310009424501050012526000500023030000360028049000120031683000200032885200330034899900170038195201220039859853ES-MaACL20230906164118.0t|031031s1983 sp ||||1| spa d a84-7317-120-91 aEnguidanos, Miguel.94724410aFín de siglo b: estudios literarios sobre el periodo 1870-1930 en España / cMiguel Enguidanos. aMadrid : bJosé Porrúa Turanzas, c[1983] aVIII, 207 p. : bil. ; c22 cm.1 aEnsayos0 aEnsayos9176633 aES-MaACLjL-10284 bR.110898 c59853d59853 00104070aATENEOMbATENEOMcDEPO2d2008-01-17eSCl0oL-10284p1062774r2023-02-23 00:00:00w2023-02-23yMONOGRAFIA